Joyce Cary, (Record no. 118619)
[ view plain ]
| 000 -LEADER | |
|---|---|
| fixed length control field | 00923cam a2200301 4500 |
| 001 - CONTROL NUMBER | |
| control field | 279111 |
| 003 - CONTROL NUMBER IDENTIFIER | |
| control field | ARRUPE |
| 005 - DATE AND TIME OF LATEST TRANSACTION | |
| control field | 20131121144141.0 |
| 008 - FIXED-LENGTH DATA ELEMENTS--GENERAL INFORMATION | |
| fixed length control field | 841129s1968 mauach b 000 0beng |
| 010 ## - LIBRARY OF CONGRESS CONTROL NUMBER | |
| LC control number | 68012779 |
| 035 ## - SYSTEM CONTROL NUMBER | |
| System control number | (OCoLC)371525 |
| 035 ## - SYSTEM CONTROL NUMBER | |
| System control number | (OCoLC)ocm00371525 |
| 035 ## - SYSTEM CONTROL NUMBER | |
| System control number | (CStRLIN)NYCG84-B84053 |
| 035 ## - SYSTEM CONTROL NUMBER | |
| System control number | (NNC)279111 |
| 040 ## - CATALOGING SOURCE | |
| Modifying agency | NNC |
| Transcribing agency | yhgyj |
| 050 0# - LIBRARY OF CONGRESS CALL NUMBER | |
| Classification number | PR6005.A77 |
| Item number | Z66 |
| 082 ## - DEWEY DECIMAL CLASSIFICATION NUMBER | |
| Classification number | 823/.9/12 |
| -- | B |
| 090 ## - LOCALLY ASSIGNED LC-TYPE CALL NUMBER (OCLC); LOCAL CALL NUMBER (OCLC) | |
| Classification number (OCLC) (R) ; Classification number, CALL (RLIN) (NR) | PR6005.A77 |
| Local cutter number (OCLC) ; Book number/undivided call number, CALL (RLIN) | Z66 |
| 300 ## - PHYSICAL DESCRIPTION | |
| Other physical details | illus., facsim., ports. |
| Dimensions | 24 cm. |
| 100 1# - MAIN ENTRY--PERSONAL NAME | |
| Personal name | Foster, Malcolm. |
| 9 (RLIN) | 3610 |
| 245 10 - TITLE STATEMENT | |
| Title | Joyce Cary, |
| Remainder of title | a biography. |
| 260 ## - PUBLICATION, DISTRIBUTION, ETC. (IMPRINT) | |
| Place of publication, distribution, etc | Boston, |
| Name of publisher, distributor, etc | Houghton Mifflin Co., |
| Date of publication, distribution, etc | 1968. |
| 300 ## - PHYSICAL DESCRIPTION | |
| Extent | xviii, 555 p. |
| 500 ## - GENERAL NOTE | |
| General note | "A Houghton Mifflin literary fellowship book." |
| 504 ## - BIBLIOGRAPHY, ETC. NOTE | |
| Bibliography, etc | Bibliographical references included in "Notes" (p. [523]-540 Bibliography: p. [541]-542. |
| 600 10 - SUBJECT ADDED ENTRY--PERSONAL NAME | |
| Personal name | Cary, Joyce, |
| Dates associated with a name | 1888-1957. |
| 9 (RLIN) | 3611 |
| 942 ## - ADDED ENTRY ELEMENTS (KOHA) | |
| Source of classification or shelving scheme | Library of Congress Classification |
| Koha item type | Monograph ( Printed materials) |
| Withdrawn status | Lost status | Source of classification or shelving scheme | Damaged status | Not for loan | Home library | Current library | Date acquired | Total Checkouts | Full call number | Barcode | Date last seen | Price effective from | Koha item type |
|---|---|---|---|---|---|---|---|---|---|---|---|---|---|
| Library of Congress Classification | ARRUPE LIBRARY | ARRUPE LIBRARY | 21/11/2013 | PR6005.A77 Z66 1969 | 46411478 | 21/11/2013 | 21/11/2013 | Monograph ( Printed materials) |